| 000 | 00361nam a2200145Ia 4500 | ||
|---|---|---|---|
| 008 | 230917s9999||||xx |||||||||||||| ||und|| | ||
| 040 |
_e214717 _aMAIN |
||
| 041 | _aEnglish | ||
| 082 | _a006.4 G692P | ||
| 100 | _aGose, Earl | ||
| 245 | 0 | _aPattern recognition and image analysis | |
| 260 |
_aDelhi _bPHI Learning _c2013 |
||
| 300 | _aix, 484 p. | ||
| 942 | _cBK | ||
| 999 |
_c178199 _d178199 |
||